| 000 | 01831cam a2200349 a 4500 | ||
|---|---|---|---|
| 999 |
_c24669 _d24669 |
||
| 001 | 15529735 | ||
| 005 | 20170130085806.0 | ||
| 008 | 081120s2009 dcua bc 000 0 eng | ||
| 010 | _a 2008050724 | ||
| 020 | _a9780943044347 (alk. paper) | ||
| 020 | _a0943044340 (alk. paper) | ||
| 035 | _a(OCoLC)ocn276274683 | ||
| 041 | 1 |
_aeng _hita |
|
| 050 | 0 | 0 | _aND623.M687A4 2009 |
| 100 | 1 | _aFergonzi, Flavio. | |
| 245 | 1 | 0 |
_aMorandi : _bmaster of modern still life / _cFlavio Fergonzi and Elisabetta Barisoni. |
| 260 |
_aWashington, D.C. : _bPhillips Collection, _c2009. |
||
| 300 |
_a125 p. : _bill. (chiefly col.) ; _c23 cm. |
||
| 500 | _aPublished on the occasion of an exhibition held at the Phillips Collection, Washington, D.C., Feb. 21-May 24, 2009. | ||
| 504 | _aIncludes bibliographical references (p. 123-125). | ||
| 505 | 0 | _aForeword / Gabriella Belli -- Preface / Dorothy Kosinski -- Giorgio Morandi : criticism, cities, sources, series / Fabio Fergonzi -- Morandi in the United States : exhibitions, galleries, memories / Elisabetta Barisoni -- Works -- List of illustrations -- Selected bibliography. | |
| 600 | 1 | 0 |
_aMorandi, Giorgio, _d1890-1964 _vExhibitions. |
| 650 | 0 |
_aStill-life in art _vExhibitions. |
|
| 700 | 1 |
_aMorandi, Giorgio, _d1890-1964. |
|
| 700 | 1 | _aBarisoni, Elisabetta. | |
| 710 | 2 | _aPhillips Collection. | |
| 942 |
_2lcc _cBOOKS _hND623.M687A4 2009 |
||